| 000 | 00346nam a2200145Ia 4500 | ||
|---|---|---|---|
| 008 | 230312s9999||||xx |||||||||||||| ||und|| | ||
| 082 |
_a657.4 _bSIM-A |
||
| 100 | _aHarry Simons | ||
| 245 | 0 | _aManual for ADVANCED ACCOUNTING | |
| 260 |
_bSOUTH-WESTERN _aChicago _c1968 |
||
| 300 | _a254 | ||
| 546 | _aEng. | ||
| 650 | _aAccounting | ||
| 942 | _cBK | ||
| 999 |
_c4964 _d4964 |
||